| 000 | 00806cab a2200181 4500 | ||
|---|---|---|---|
| 001 | ##L131457 | ||
| 008 | 051104n2005 000 0 eng u | ||
| 035 | _a(Sirsi) u131457 | ||
| 041 | 0 | _aeng | |
| 100 | 1 | _aFiske, James | |
| 245 | 0 | 0 | _aPutting it crudely |
| 260 | _c2005 | ||
| 490 | 0 | _aQS Week!v(25) 12 October 2005, 14-15(2) | |
| 520 | _aCompares cost inflation of plastic, rubber and bitumen products with that of petroleum products, and considers how this has impacted on the construction industry. Concludes that the increased cost of petroleum products has so far had only a limited impact, with the cost of bitumen products being most affected. Tables. Graphs. | ||
| 590 | _aIKA081105 | ||
| 690 | _aBUILT ENVIRONMENT-BUILDING MATERIALS-PLASTICS, RUBBER, CHEMICAL AND SYNTHETICS | ||
| 942 | _n0 | ||
| 999 |
_c76090 _d76090 |
||